000 00424nam a22001697a 4500
005 20180720131044.0
008 160517b xxu||||| |||| 00| 0 eng d
020 _a81-203-2356-4
041 _aeng
082 _b2501
_a658.3
100 _aGreen Berg ,Jerald and Robert A. Baron
_94595
245 _aBehavior in Organizations
260 _aNew Delhi
_bPHI,
_c2003
300 _a660
650 _aManagement
_9241
942 _cBK
999 _c913
_d913